Electrical and Electronic Instrumentation (Record no. 4229)

MARC details
005 - DATE AND TIME OF LATEST TRANSACTION
control field 20250617144337.0
020 ## - INTERNATIONAL STANDARD BOOK NUMBER
International Standard Book Number 0-471-89624-1
082 ## - DEWEY DECIMAL CLASSIFICATION NUMBER
Classification number LM 681.2 CHI
100 ## - MAIN ENTRY--PERSONAL NAME
Author name CHIANG, H. H.
245 ## - TITLE STATEMENT
Title Electrical and Electronic Instrumentation
260 ## - PUBLICATION, DISTRIBUTION, ETC.
Place of publication, distribution, etc. New York,
Name of publisher, distributor, etc. John Wiley & Sons,
Date of publication, distribution, etc. 1984.
300 ## - PHYSICAL DESCRIPTION
Extent xi, 588p.: ill.; figure, picture, table.
Other physical details Bibliography, index.
Dimensions 25cm.
942 ## - ADDED ENTRY ELEMENTS (KOHA)
Source of classification or shelving scheme Dewey Decimal Classification
Koha item type Books
Holdings
Date last seen Total checkouts Full call number Barcode Cost, replacement price Price effective from Koha item type Lost status Source of classification or shelving scheme Damaged status Not for loan Withdrawn status Home library Current library Shelving location Date acquired Cost, normal purchase price
06/17/2025   LM 681.2 CHI 00000013134 30000.00 06/17/2025 Books   Dewey Decimal Classification       College of Business Education Main Library College of Business Education Main Library General Collection 01/15/1985 10000.00